عرض عادي
عرض مارك
- Sociolinguistics.
مدخل مصطلح موضوعي
001 - رقم الضبط
- حقل الضبط: 89029
003 - معرف رقم الضبط
- حقل الضبط: OSt
005 - تاريخ ووقت أخر عملية
- حقل الضبط: 20211229105138.0
008 - عناصر بيانات ثابتة الطول
- حقل تحكم ثابت الطول: 211229|| aca||aabn | a|a d
040 ## - مصدر الفهرسة
- هيئة الفهرسة الأصلية: OSt
- وكالة الكتابة: OSt
150 ## - مدخل-- مصطلح تاريخي
- عنصر مدخل المصطلح الموضوعي او الاسم الجغرافي: Sociolinguistics.
670 ## - بيانات المصدر موجوده
- الاستشهاد بالمصدر: Work cat.: (OSt): Johnstone, Barbara. 89027, Discourse analysis /, 2018.
